[Event "SWE-chT 0001"]
[Site "Sweden"]
[Date "2000.12.09"]
[Round "5"]
[White "Storaas, Jan Thomas"]
[Black "Schuetz, Ingemar"]
[Result "0-1"]
[WhiteElo "2211"]
[BlackElo "2288"]
[PlyCount "76"]
[EventDate "2000.10.13"]
[EventType "team-tourn"]
[EventRounds "11"]
[EventCountry "SWE"]
[SourceTitle "EXT 2006"]
[Source "ChessBase"]
[SourceDate "2005.11.24"]
[SourceVersion "1"]
[SourceVersionDate "2005.11.24"]
[SourceQuality "1"]
[WhiteTeam "Kirsebergs"]
[BlackTeam "Norrkoping Schack 08"]
[WhiteTeamCountry "SWE"]
[BlackTeamCountry "SWE"]

1. e4 c5 2. Nf3 d6 3. d3 Nc6 4. g3 g6 5. Bg2 Bg7 6. 0-0 e5 7. Nbd2 Nge7 8. a4 0-0 9. Nc4 f5 10. Bg5 Be6 11. exf5 gxf5 12. Qe2 Qd7 13. Bxe7 Qxe7 14. c3 Rae8 15. Rae1 Kh8 16. h4 Bg8 17. Ng5 d5 18. Ne3 e4 19. Qh5 Qd6 20. dxe4 fxe4 21. Rd1 d4 22. Nf5 Qd5 23. Nxg7 Kxg7 24. Qg4 Ne5 25. Qxe4 Nf3+ 26. Bxf3 Rxe4 27. Bxe4 Qd7 28. cxd4 h6 29. dxc5 Qe7 30. Bxb7 hxg5 31. c6 Be6 32. Rfe1 Qf6 33. Rd2 gxh4 34. Rde2 hxg3 35. fxg3 Qd4+ 36. Re3 Bd5 37. Ba6 Rf3 38. c7 Rxe3 0-1

[Event "Helsingborg-B"]
[Site "Helsingborg"]
[Date "1991.??.??"]
[Round "?"]
[White "Storaas, Jan Thomas"]
[Black "Hultin, Johan"]
[Result "1/2-1/2"]
[WhiteElo "2240"]
[BlackElo "2235"]
[PlyCount "81"]
[EventDate "1991.??.??"]
[EventType "tourn"]
[EventRounds "15"]
[EventCountry "SWE"]
[SourceTitle "EXT 1997"]
[Source "ChessBase"]
[SourceDate "1996.11.15"]
[SourceVersion "1"]
[SourceVersionDate "1996.11.15"]
[SourceQuality "1"]

1. e4 c5 2. Nf3 e6 3. d3 d5 4. Nbd2 Nc6 5. g3 Nge7 6. Bg2 g6 7. 0-0 Bg7 8. Re1 b6 9. e5 Qc7 10. Qe2 h6 11. h4 g5 12. hxg5 hxg5 13. Nf1 g4 14. N3h2 Nd4 15. Qd1 Bxe5 16. Nxg4 Bg7 17. Bf4 Qd8 18. Bg5 Bb7 19. Nf6+ Bxf6 20. Bxf6 Rh6 21. Bxd4 cxd4 22. Qg4 Nc6 23. Qg8+ Ke7 24. Qg5+ Rf6 25. Bxd5 Qg8 26. Qxg8 Rxg8 27. Re2 Rh6 28. Rae1 Rc8 29. Bg2 Na5 30. f4 Rh5 31. Nh2 Rb5 32. b3 Bxg2 33. Rxg2 Rc3 34. Nf3 Nc6 35. Re4 Rbc5 36. Nxd4 Nxd4 37. Rxd4 Rxc2 38. Rc4 Rc1+ 39. Kf2 Kd6 40. Ke3 Kd5 41. Kd2 1/2-1/2

[Event "Helsingborg-B"]
[Site "Helsingborg"]
[Date "1991.??.??"]
[Round "?"]
[White "Storaas, Jan Thomas"]
[Black "Jersblad, Johan"]
[Result "1-0"]
[WhiteElo "2240"]
[BlackElo "2200"]
[PlyCount "80"]
[EventDate "1991.??.??"]
[EventType "tourn"]
[EventRounds "15"]
[EventCountry "SWE"]
[SourceTitle "EXT 1997"]
[Source "ChessBase"]
[SourceDate "1996.11.15"]
[SourceVersion "1"]
[SourceVersionDate "1996.11.15"]
[SourceQuality "1"]

1. e4 c5 2. Nf3 e6 3. d3 d5 4. Nbd2 Nf6 5. g3 Be7 6. Bg2 Nc6 7. 0-0 0-0 8. e5 Nd7 9. Re1 f6 10. exf6 Nxf6 11. Bh3 Bd6 12. Ng5 Nd4 13. Bxe6+ Nxe6 14. Nxe6 Bxe6 15. Rxe6 Qd7 16. Re2 Qg4 17. f3 Qd4+ 18. Kg2 Rae8 19. Nb3 Qa4 20. Bg5 Qc6 21. Rxe8 Rxe8 22. Qd2 b6 23. Rf1 Be5 24. c3 h6 25. Bf4 Qd6 26. Bxe5 Qxe5 27. Kf2 Qh5 28. Kg2 Qe5 29. Nc1 d4 30. Rf2 Nd5 31. Ne2 Ne3+ 32. Kg1 g5 33. f4 gxf4 34. Nxf4 Ng4 35. Re2 Qb8 36. Ng2 Rf8 37. Qe1 Nf6 38. Re7 a5 39. Qe6+ Kh8 40. Nf4 Qd8 1-0

[Event "Helsingborg-B"]
[Site "Helsingborg"]
[Date "1991.??.??"]
[Round "?"]
[White "Storaas, Jan Thomas"]
[Black "Nilsson, Andre"]
[Result "1/2-1/2"]
[WhiteElo "2240"]
[BlackElo "2200"]
[PlyCount "21"]
[EventDate "1991.??.??"]
[EventType "tourn"]
[EventRounds "15"]
[EventCountry "SWE"]
[SourceTitle "EXT 1997"]
[Source "ChessBase"]
[SourceDate "1996.11.15"]
[SourceVersion "1"]
[SourceVersionDate "1996.11.15"]
[SourceQuality "1"]

1. e4 g6 2. Nf3 Bg7 3. g3 e5 4. Bg2 Ne7 5. 0-0 0-0 6. d4 exd4 7. Nxd4 d5 8. exd5 Nxd5 9. c3 c6 10. Na3 Nd7 11. Nac2 1/2-1/2

[Event "Helsingborg-B"]
[Site "Helsingborg"]
[Date "1991.??.??"]
[Round "?"]
[White "Wiander, Michael"]
[Black "Storaas, Jan Thomas"]
[Result "1-0"]
[WhiteElo "2200"]
[BlackElo "2240"]
[PlyCount "80"]
[EventDate "1991.??.??"]
[EventType "tourn"]
[EventRounds "15"]
[EventCountry "SWE"]
[SourceTitle "EXT 1997"]
[Source "ChessBase"]
[SourceDate "1996.11.15"]
[SourceVersion "1"]
[SourceVersionDate "1996.11.15"]
[SourceQuality "1"]

1. e4 e5 2. Nc3 Bc5 3. f4 d6 4. Nf3 Nc6 5. Na4 Bg4 6. Bb5 Nge7 7. fxe5 0-0 8. exd6 Qxd6 9. c3 f5 10. e5 Qd5 11. Qb3 Bxf3 12. gxf3 Qxb3 13. axb3 Bb6 14. f4 Rfd8 15. Nxb6 axb6 16. Rxa8 Rxa8 17. b4 Ra1 18. 0-0 Kf8 19. d4 Nd5 20. Bd2 Ra8 21. Bc4 Nce7 22. Bd3 Ra2 23. Rb1 c6 24. c4 Nc7 25. b5 Ne6 26. bxc6 bxc6 27. Be3 Ra8 28. Be2 Rd8 29. Rd1 g5 30. fxg5 f4 31. Bf2 Nxg5 32. Kg2 h6 33. h4 Ne6 34. Bf3 Nc7 35. d5 Nf5 36. Bxb6 Ne3+ 37. Bxe3 fxe3 38. d6 Ne6 39. Bxc6 e2 40. Re1 Rb8 1-0